Najväčšia dohoda o obchode K európskej organizácii GATT sa pripojili i USA
História organizácie GATT od konferencie v Ženeve v r.1947. Finále uruguajského kola GATT, uzavretie zmlúv v decembri 1993. Význam uzavretia dôhod pre celkové uvoľnenie obchodu, pre vzrast úrovne svetového hospodárstva. Riešenie problémových oblastí v jednotlivých krajinách. Nástupnícka organizácia...
Guardado en:
| Autor principal: | |
|---|---|
| Formato: | Capítulo de libro |
| Lenguaje: | eslovaco |
| Materias: | |
| Etiquetas: |
Sin Etiquetas, Sea el primero en etiquetar este registro!
|
MARC
| LEADER | 00000naa a2200000 4500 | ||
|---|---|---|---|
| 001 | r000308 | ||
| 005 | 20221213113947.0 | ||
| 041 | 0 | |a slo | |
| 044 | |a SK | ||
| 245 | 1 | 0 | |a Najväčšia dohoda o obchode |b K európskej organizácii GATT sa pripojili i USA |c Andrea Bučeková |
| 520 | |a História organizácie GATT od konferencie v Ženeve v r.1947. Finále uruguajského kola GATT, uzavretie zmlúv v decembri 1993. Význam uzavretia dôhod pre celkové uvoľnenie obchodu, pre vzrast úrovne svetového hospodárstva. Riešenie problémových oblastí v jednotlivých krajinách. Nástupnícka organizácia po GATT je Svetová obchodná organizácia (World Trade Organization - WTO). Spoločná mena ECU. Kroky Slovenska do EÚ prostredníctvom dohody CEFTA. | ||
| 610 | 2 | 0 | |a Všeobecná dohoda o clách a obchode |
| 610 | 2 | 0 | |a história |
| 610 | 2 | 0 | |a dohody colné |
| 610 | 2 | 0 | |a dohody obchodné |
| 610 | 2 | 0 | |a Svetová obchodná organizácia |
| 610 | 2 | 0 | |a ECU |
| 610 | 2 | 0 | |a hospodárstvo svetové |
| 610 | 2 | 0 | |a únie colné |
| 610 | 2 | 0 | |a USA |
| 100 | 1 | |a Bučeková, Andrea | |